تحميل...
Late industrializers and the development of the welfare state /
| المؤلف الرئيسي: | |
|---|---|
| اللغة: | Undetermined |
| منشور في: |
UN ,
2004.
|
| سلاسل: | UNRISD social policy and development paper no 16
|
| الموضوعات: |
| LEADER | 00497nam a2200145Ia 4500 | ||
|---|---|---|---|
| 001 | 155558 | ||
| 008 | 170722s9999 xx 000 0 und d | ||
| 100 | |a Pierson, Christopher | ||
| 245 | |a Late industrializers and the development of the welfare state / | ||
| 260 | |b UN , |c 2004. | ||
| 490 | |a UNRISD social policy and development paper no 16 | ||
| 653 | |a Industry | ||
| 942 | |c GEN | ||
| 999 | |c 173532 |d 173532 | ||
| 952 | |0 0 |1 0 |4 0 |6 UNRISD |7 0 |8 UN |9 239322 |a LIB |b LIB |d 2017-08-12 |o UNRISD |p UN142 |r 2017-08-12 |w 2017-08-12 |y GEN | ||